Logo BPK

Biblioteka

Politechniki Koszalińskiej

Understanding reading comprehension : (Rekord nr 41362)

Szczegóły MARC
000 -ETYKIETA REKORDU
podpole kontrolne o stałej długości 00646nam a2200205 i 4500
001 - NUMER KONTROLNY REKORDU
pole kontrolne bgj
020 ## - MIĘDZYNARODOWY ZNORMALIZOWANY NUMER KSIĄŻKI - ISBN
ISBN 0872077365 (pbk)
040 ## - ŹRÓDŁO KATALOGOWANIA
Instytucja, która utworzyła rekord BPK
041 0# - KOD JĘZYKA
Kod języka tekstu eng
920 ## - Międzynarodowy znormalizowany numer książki – ISBN
ISBN 0-87207-736-5 (pbk)
008 - POLE O STAŁEJ DŁUGOŚCI - DANE KONTROLNE
podpole kontrolne o stałej długości s uk f |000 0 eng
245 00 - TYTUŁ/ODPOWIEDZIALNOŚĆ
Tytuł Understanding reading comprehension :
Ciąg dalszy tytułu cognition, language, and the structure of prose /
Pozostałe elementy strefy tytułu i oznaczenia odpowiedzialności edited by James Flood.
250 ## - STREFA WYDANIA
Oznaczenie wydania [2nd print.].
260 ## - STREFA ADRESU WYDAWNICZEGO
Miejsce wydania Newark, De :
Nazwa wydawcy/dystrybutora International Reading Association,
Data publikacji, dystrybucji/powstania dokumentu 1984.
300 ## - STREFA OPISU FIZYCZNEGO
Objętość IX, 264 pp :
Inne cechy fizyczne fig. ;
Rozmiary 22 cm.
504 ## - UWAGA DOTYCZĄCA BIBLIOGRAFII
Informacje o bibliografii Bibliography p. 247-264.
650 #9 - HASŁO PRZEDMIOTOWE W FORMIE NAZWY OGÓLNEJ LUB JEDNOSTKOWEJ
Nazwa ogólna lub geograficzna Reading comprehension
650 #9 - HASŁO PRZEDMIOTOWE W FORMIE NAZWY OGÓLNEJ LUB JEDNOSTKOWEJ
Nazwa ogólna lub geograficzna Reading, Psychology of
856 ## - LOKALIZACJA I DOSTĘP DO ELEKTRONICZNYCH DOKUMENTÓW ZDALNYCH
Link (URL) http://koha.tu.koszalin.pl/cgi-bin/koha/opac-detail.pl?biblionumber=41362
Tekst linku Katalog online BPK
942 ## - DODATKOWE ELEMENTY (KOHA)
Typ dokumentu Książka
Egzemplarze
Wycofany Status egzemplarza Uszkodzony Dostępność Lokalizacja stała Lokalizacja bieżąca Miejsce przechowywania Sygnatura Kod kreskowy Typ dokumentu
      Dostępny Biblioteka Politechniki Koszalińskiej Biblioteka Politechniki Koszalińskiej Wypożyczalnia Językowa KA 2160 09009745 Książka
© 2023 Biblioteka Politechniki Koszalińskiej :: KOHA